000 00442nam a2200169 a 4500
020 _a2852062232
040 _cDLC
082 _a660 TEC 1984 A046 Or.
245 0 0 _aBiotechnologie /
250 _a2ème éd. rev. et augm.
260 _aParis :
_bTechnique & documentation-Lavoisier,
_c1984.
300 _axxv, 662 p. :
_bill. ;
_c25 cm.
650 0 _aBiotechnology.
700 1 _aArnaud, Alain.
700 1 _aScriban, René.
942 _cEK
999 _c13726
_d13726